000 00319 a2200109 4500
001 ART_7187
005 20260410161700.0
008 260409a
245 1 0 _aIncertidumbre y política económica
100 1 _aMercado, P. Ruben
773 0 _tEnsayos Económicos
_g- Nº 57/58 (ene./jun. 2010)
_wREV620
999 _c15066
_d15066